000 00448nam a2200169Ia 4500
008 180921t2014 xxu||||| |||| 00| 0 sin d
041 _asin
080 _aX8C3
_b(Youth) SAM
100 _aSamarasekara, Jayarathna
245 _aහදපානේ මාළු හොරා
246 _aHadapane Malu Hora
260 _bGodage
_aColombo
_c2014
300 _a47p, 21cm
942 _cBK
999 _c12526
_d12526
003 LK-CoDNM
040 _aLK-CoDNM
_dLK-CoDNM
_eLK-CoDNM